000
00266nam a2200097Ia 4500
082
_a
641.6959 LAGA
245
0
_a
Sugar & spice
100
_a
Lagardien, Zainab Cape Town, South Africa, 2010
_9
47576
942
_c
BK
008
210817s9999 xx 000 0 und d
999
_c
155422
_d
155421